000 00322nam a22001337a 4500
003 SGT
020 _a978-981-08-6726-3
082 _a746.92
_bDUB
100 _aDUBURG, ANNETLE
245 _aDRAPING ART AND CRAFTSMANSHIP IN FASHION DESIGN
260 _aNETHERLANDS
_bJAN BRAND
_c2018
300 _a447
942 _2ddc
_cBK
999 _c24659
_d24659